[Event "JUG-chT Cetinje"]
[Site "Cetinje"]
[Date "1991.??.??"]
[Round "6"]
[White "Ljubisavljevic, Zivojin Z"]
[Black "Dizdarevic, Emir"]
[Result "0-1"]
[WhiteElo "2285"]
[BlackElo "2505"]

1.e4 c5 2.Nf3 e6 3.d4 cxd4 4.Nxd4 a6 5.Bd3 Nf6 6.O-O Qc7 7.Kh1 d6 8.Bg5 Be7
9.Nd2 Nbd7 10.c3 b6 11.f4 Bb7 12.Bc2 h6 13.Bxf6 Bxf6 14.N2f3 Rd8 15.Qe1 e5
16.fxe5 dxe5 17.Nf5 Nc5 18.Ng3 g6 19.Qe3 Bg7 20.Nh4 O-O 21.Ngf5 gxf5 22.Nxf5 Rd6
23.b4 Ne6 24.Qg3 Kh7 25.Nxd6 Qxd6 26.Rad1 Qc7 27.Qg4 Qxc3 28.Bb3 Nf4 29.Bd5 Bc8
30.Qf3 Qxb4 31.g3 Nxd5 32.exd5 Bg4 33.Qe3 Bxd1 34.Rxd1 f5 35.d6 Qc4  0-1

[Event "Cheliabinsk op"]
[Site "Cheliabinsk"]
[Date "1991.??.??"]
[Round "4"]
[White "Isupov, Vladimir"]
[Black "Tunik, Gennady"]
[Result "0-1"]
[WhiteElo "2235"]
[BlackElo "2445"]

1.e4 c5 2.Nf3 e6 3.d4 cxd4 4.Nxd4 a6 5.Bd3 Nf6 6.O-O Qc7 7.Qe2 d6 8.c4 g6
9.Nc3 Bg7 10.Rd1 O-O 11.Be3 Nbd7 12.Rac1 Ne5 13.f3 Nxd3 14.Qxd3 Nd7 15.b3 Ne5
16.Qd2 Rd8 17.Nde2 Bf8 18.Na4 Re8 19.c5 dxc5 20.Bxc5 Nc6 21.Bxf8 Rxf8 22.Qd6 Qxd6
23.Rxd6 e5 24.Rcd1 Rb8 25.Nc5 a5 26.R1d2 Kg7 27.Kf2 Re8 28.Ke3 Re7 29.Nc3 Nb4
30.a3 b6 31.N5a4 b5 32.Nb6 Rc7 33.Nxb5 Nc2+ 34.Kf2 Rc5 35.a4 Be6 36.Nc4 Na1
37.Nxa5 Nxb3 38.Nxb3 Bxb3 39.Rd7 Bxa4 40.Nc7 Bxd7 41.Rxd7 Rc2+ 42.Kg3 Rbb2
43.Ne8+ Kf8 44.Nd6 Rxg2+ 45.Kh4 Rg1 46.h3 g5+ 47.Kh5 Rh2  0-1

[Event "Cheliabinsk op"]
[Site "Cheliabinsk"]
[Date "1991.??.??"]
[Round "57"]
[White "Noskov, Anatolij"]
[Black "Tunik, Gennady"]
[Result "0-1"]
[WhiteElo "2275"]
[BlackElo "2445"]

1.e4 c5 2.Nf3 e6 3.d4 cxd4 4.Nxd4 a6 5.Bd3 Bc5 6.Be3 d6 7.O-O Ne7 8.Qe2 Nd7
9.Nc3 b5 10.Nb3 Bb6 11.Rad1 O-O 12.Kh1 e5 13.f4 Bxe3 14.Qxe3 Bb7 15.fxe5 Nxe5
16.Nd5 Nxd5 17.exd5 g6 18.Nd2 Re8 19.Qd4 f5 20.c4 Ng4 21.Rc1 bxc4 22.Rxc4 Ne3
23.Rb4 Qg5 24.Rg1 Bxd5 25.Bc4 Bxc4 26.Nxc4 Re4 27.Qxd6 Ng4 28.h3 Rd8 29.Rb8 Rxb8
30.Qxb8+ Kg7 31.b3 f4 32.Qa7+ Kh6 33.Rf1 Ne3 34.Nxe3 fxe3 35.Rf7 Qe5 36.Qd7 Rd4
37.Rxh7+ Kg5 38.Qe7+ Qxe7 39.Rxe7 Kf4 40.Kh2 Re4 41.Rf7+ Kg5 42.Rf1 e2 43.Re1 Kf4
44.b4 Ke3 45.Kg3 Kd2  0-1

[Event "Chiasso op"]
[Site "Chiasso"]
[Date "1991.??.??"]
[Round "?"]
[White "Passoni, Carlo"]
[Black "Milosevic, Goran"]
[Result "0-1"]
[WhiteElo "2230"]
[BlackElo "2405"]

1.e4 c5 2.Nf3 e6 3.d4 cxd4 4.Nxd4 a6 5.Bd3 Nf6 6.O-O Qc7 7.Kh1 Nc6 8.Nxc6 dxc6
9.f4 b5 10.b3 e5 11.f5 h6 12.Bb2 Bb7 13.Nd2 Rd8 14.Qe2 Bd6 15.a4 O-O 16.Bc3 Bc5
17.Nf3 Rfe8 18.Qe1 Rd7 19.Qg3 Bd6 20.Qh4 Qd8 21.Rae1 Bc7 22.Nd2 Qe7 23.Re3 Kf8
24.Rg3 Red8 25.Nb1 Rd6 26.Bd2 Ne8 27.Bg5 Nf6 28.Be3 Ne8 29.Bg5 Rf6 30.Bxf6 Nxf6
31.Nc3 Qb4 32.Nd1 Bb6 33.axb5 cxb5 34.Ne3 Rd4 35.Rg4 Rd6 36.Nd5 Rxd5 37.exd5 Qxg4  0-1

[Event "Capablanca mem"]
[Site "Cienfuegos"]
[Date "1991.??.??"]
[Round "1"]
[White "Rodriguez, Amador"]
[Black "Zapata, Alonso"]
[Result "1/2-1/2"]
[WhiteElo "2500"]
[BlackElo "2510"]

1.e4 c5 2.Nf3 e6 3.d4 cxd4 4.Nxd4 a6 5.Bd3 Nf6 6.O-O Qc7 7.Nd2 Be7 8.f4 d6
9.N2f3 Nbd7 10.Qe2 Nc5 11.Bd2 O-O 12.Kh1 e5  1/2-1/2

[Event "DEN-chT"]
[Site "DEN"]
[Date "1991.??.??"]
[Round "4"]
[White "Borge, Nikolaj"]
[Black "Hamann, Svend"]
[Result "1-0"]
[WhiteElo "2300"]
[BlackElo "2380"]

1.e4 c5 2.Nf3 e6 3.d4 cxd4 4.Nxd4 a6 5.Bd3 Nc6 6.Nxc6 dxc6 7.O-O e5 8.Be3 Nf6
9.f3 Be6 10.Nd2 Be7 11.a4 a5 12.Bc4 Qc8 13.c3 Bxc4 14.Nxc4 Qe6 15.Qe2 Nd7
16.Rfd1 O-O 17.Qf2 Rfd8 18.b3 Nf8 19.Rxd8 Bxd8 20.Bb6 Bxb6 21.Qxb6 Nd7 22.Qc7 Nc5
23.Nxa5 f5 24.exf5 Qxf5 25.b4 e4 26.fxe4 Nxe4 27.Rf1 Qd5 28.Qxb7 Rf8 29.Rxf8+ Kxf8
30.Qa8+ Ke7 31.Qa7+ Kd6 32.Qd4 Qxd4+ 33.cxd4 Kd5 34.Nb7 Nc3 35.a5 Kxd4 36.a6 Nb5
37.Na5 Kd5 38.Kf2 Na7 39.Kf3 c5 40.bxc5 Kxc5 41.Nb7+ Kb6 42.Nd8 Kxa6 43.Ne6 Kb6
44.Nxg7 Nb5 45.Ne8 Nd4+ 46.Kg4 Ne6 47.Kf5 Nf8 48.Kf6 Ng6 49.g3 Kc5 50.h4 Kd4
51.h5 Ne5 52.Nd6 Nd7+ 53.Kf5 Kd5 54.Ne4 Nf8 55.g4 Kc6 56.g5 Kd7 57.Kf6 Ne6
58.g6 hxg6 59.h6 Nf8 60.Kf7  1-0

[Event "Dortmund-D"]
[Site "Dortmund"]
[Date "1991.??.??"]
[Round "2"]
[White "Leko, Peter"]
[Black "Podzielny, Karl Heinz"]
[Result "1/2-1/2"]
[WhiteElo "2255"]
[BlackElo "2445"]

1.e4 c5 2.Nf3 e6 3.d4 cxd4 4.Nxd4 a6 5.Bd3 Nf6 6.O-O Qc7 7.Qe2 d6 8.f4 Nbd7
9.c4 h5 10.b3 Qb6 11.Be3 Ng4 12.Nc3 g6 13.Rad1 Nxe3 14.Qxe3 Bg7 15.Bb1 Qc5
16.Kh1 Nf6 17.Nc2 Qxe3 18.Nxe3 Ke7 19.Rfe1 Nd7 20.Ne2 b6 21.Nd4 Bb7 22.Kg1 Nc5
23.Nf1 Rhd8 24.g3 Bxd4+ 25.Rxd4 e5 26.Rd2 Ne6 27.Rf2 Nd4 28.Ne3 f6 29.Nc2 Ne6
30.Ne3 Nc5 31.Nd1 b5 32.cxb5 axb5 33.Rd2 b4 34.Nb2 Ba6 35.Kf2 h4 36.Red1 hxg3+
37.hxg3 Bb7 38.Ke3 exf4+ 39.Kxf4 Ba6 40.Rh2 Rh8 41.Rdh1 Rxh2 42.Rxh2 Ke6
43.Rh7 g5+ 44.Ke3 Nd7 45.Bd3 Ne5  1/2-1/2

[Event "Dortmund-C"]
[Site "Dortmund"]
[Date "1991.??.??"]
[Round "5"]
[White "Rigo, Janos"]
[Black "Kochyev, Alexander"]
[Result "1-0"]
[WhiteElo "2385"]
[BlackElo "2500"]

1.e4 c5 2.Nf3 e6 3.d4 cxd4 4.Nxd4 a6 5.Bd3 Nf6 6.O-O Qc7 7.Kh1 Bc5 8.Nb3 Be7
9.f4 d6 10.Be3 O-O 11.N1d2 b6 12.Nc4 Nbd7 13.e5 dxe5 14.fxe5 Nd5 15.Bd4 g6
16.Nbd2 b5 17.Nd6 Nxe5 18.Bxe5 Bxd6 19.Bxd6 Qxd6 20.Ne4 Qe5 21.Qf3 Bb7 22.b3 Kg7
23.Nc5 Bc6 24.Rae1 Qd4 25.Qxf7+ Rxf7 26.Nxe6+ Kh6 27.Nxd4 Rxf1+ 28.Bxf1 Bb7
29.c4 bxc4 30.bxc4 Nc3 31.Re6 Ne4 32.Kg1 Nc5 33.Re7 Rb8 34.h4 Rd8 35.Nb3 Rd7
36.Re5 Nxb3 37.axb3 Kg7 38.Re6 Kh6 39.Be2 Bc8 40.Re8 Rc7 41.Kf2 g5 42.hxg5+ Kxg5
43.Bf3 Bb7 44.Rb8 Bxf3 45.Kxf3 Kf5 46.Rb6 Ra7 47.Ke3 Ke5 48.Kd3 a5 49.Rb5+ Kd6
50.Rh5 Kc6 51.Kd4 Rd7+ 52.Kc3 Rg7 53.g4 Kb6 54.Rh6+ Kc5 55.g5 Rf7 56.Ra6  1-0

[Event "Dortmund-C"]
[Site "Dortmund"]
[Date "1991.??.??"]
[Round "6"]
[White "Mainka, Romuald"]
[Black "Lau, Ralf"]
[Result "1-0"]
[WhiteElo "2430"]
[BlackElo "2485"]

1.e4 c5 2.Nf3 e6 3.d4 cxd4 4.Nxd4 a6 5.Bd3 Nf6 6.O-O Qc7 7.Qe2 d6 8.c4 Nbd7
9.Nc3 Ne5 10.Bg5 Be7 11.Rac1 Bd7 12.b3 h6 13.Bh4 Qc5 14.Nf3 Ng6 15.Rfe1 Nxh4
16.Nxh4 O-O 17.Kh1 Qh5 18.Nf5 exf5 19.Nd5 Qxe2 20.Nxe7+ Kh7 21.Rxe2 fxe4
22.Bxe4+ Nxe4 23.Rxe4 Rfe8 24.Rce1 b5 25.h3 bxc4 26.Rxc4 Ra7 27.Rce4 Rc7
28.Nd5 Rxe4 29.Rxe4 Rc2 30.Re7 Be6 31.Nc7 Bc8 32.Rxf7 Kg6 33.Re7 Rxf2 34.Ne8 Rxa2
35.Rxg7+ Kf5 36.Nxd6+ Kf6 37.Rh7 Be6 38.Rxh6+ Ke7 39.Nc4 a5 40.Rh7+ Kf6 41.Rh6+ Ke7
42.Rh4 Bd5 43.Rg4 Be6 44.Rd4 a4 45.bxa4 Rxa4 46.Ne5 Rxd4 47.Nc6+ Kf6 48.Nxd4 Bd5
49.Kg1 Ke5 50.Ne2 Bc4 51.Kf2 Ke4 52.Nc3+ Kd4 53.Ne2+ Ke4 54.Ng1 Kf4 55.g3+ Ke4
56.Nf3 Ba6 57.g4 Kf4 58.Ne1 Bc8 59.Ng2+ Ke4 60.Kg3 Bd7 61.h4 Ke5 62.h5 Bc6
63.Nh4 Be4 64.Nf3+ Kf6 65.Kf4 Bc2 66.Nd4 Bd1 67.Nf5 Be2 68.Ng3 Bd1 69.Ne4+ Kg7
70.Kg5 Bc2 71.Ng3 Bd1 72.Nf5+ Kh7 73.Kf4 Be2 74.Kg5 Bd1 75.Kf4 Be2 76.Ng3 Bd1
77.Kf5 Kh6 78.g5+ Kg7 79.h6+ Kh7 80.Kf6 Ba4 81.Nf5 Be8 82.Ng7 Bg6 83.Ne6 Bb1
84.Nf8+ Kg8 85.g6  1-0

[Event "Telecom op"]
[Site "Dublin"]
[Date "1991.??.??"]
[Round "?"]
[White "Barry, Colm"]
[Black "Cullip, Stephen"]
[Result "1/2-1/2"]
[WhiteElo "2255"]
[BlackElo "2320"]

1.e4 c5 2.Nf3 e6 3.d4 cxd4 4.Nxd4 a6 5.Bd3 Nf6 6.O-O d6 7.c4 Be7 8.Nc3 O-O
9.b3 Nc6 10.Nc2 b6 11.Bb2 Bb7 12.f4 Rc8 13.Qe2 Qc7 14.Ne1 Rfe8 15.Nf3 Nd7
16.Rae1 Bf6 17.Qf2 Nb4 18.Bb1 Qc5 19.a3 Nc6 20.Rd1 Red8 21.b4 Qxf2+ 22.Rxf2 Be7
23.Rfd2 Ncb8 24.Ba2 Nf6 25.Re1 h6 26.e5 dxe5 27.fxe5 Nh5 28.Red1 Nf4 29.Na4 Rxd2
30.Rxd2 Rd8 31.Rxd8+ Bxd8 32.Bb1 Nd7 33.Kf2 Bc6 34.Nc3 Bc7 35.Ne4 Ng6 36.Nd6 Nf4
37.g3 Nh3+ 38.Ke3 Kf8 39.Ne4 Ke7 40.Bd4 g5 41.Nf6 Bb7 42.Ng8+ Kf8 43.Nxh6 Bxf3
44.Kxf3 Bxe5 45.Bxe5 Nxe5+ 46.Kg2 Kg7 47.c5 bxc5 48.bxc5 Kxh6 49.Kxh3 Kg7
50.Be4 g4+ 51.Kg2 Kf8 52.Bb7 Ke7 53.Bxa6 Nd7 54.c6 Nb6 55.Bb5 Nd5 56.a4 Kd6
57.Kf2 Kc5 58.Ke2 Kd4 59.Kd2 Kc5 60.Kd3 f5 61.Kc2 Nb4+ 62.Kd2 Nxc6 63.Ke3 e5
64.Bd3 Ne7 65.a5 Nd5+ 66.Kf2 f4 67.gxf4 exf4 68.Be2 g3+  1/2-1/2

[Event "Telecom op"]
[Site "Dublin"]
[Date "1991.??.??"]
[Round "?"]
[White "McDonald, Neil R"]
[Black "Sadler, Matthew"]
[Result "0-1"]
[WhiteElo "2385"]
[BlackElo "2440"]

1.e4 c5 2.Nf3 e6 3.d4 cxd4 4.Nxd4 a6 5.Bd3 g6 6.O-O Bg7 7.c3 d6 8.f4 Nf6
9.Nf3 O-O 10.Qe1 Nbd7 11.Nbd2 b5 12.e5 dxe5 13.fxe5 Ng4 14.Qe4 Ngxe5 15.Qxa8 Qb6+
16.Kh1 Bb7 17.Qxf8+ Bxf8 18.Be4 Nxf3 19.Bxf3 Ne5 20.Bxb7 Qxb7 21.Nf3 Nd3
22.Be3 Nxb2 23.Ng5 f5 24.Nxe6 Qe4 25.Nxf8 Qxe3 26.Rae1 Qd2 27.Re8 Nd3 28.h3 Kf7
29.Rc8 Qe2 30.Rg1 Nf2+ 31.Kh2 Qe5+ 32.g3 Qe2  0-1

[Event "NLD-ch sf"]
[Site "Enschede"]
[Date "1991.??.??"]
[Round "4"]
[White "Nijboer, Friso"]
[Black "Bosboom, Manuel"]
[Result "1-0"]
[WhiteElo "2455"]
[BlackElo "2480"]

1.e4 c5 2.Nf3 e6 3.d4 cxd4 4.Nxd4 a6 5.Bd3 g6 6.c4 Bg7 7.Nc2 Nf6 8.Nc3 d6
9.Be2 O-O 10.O-O b6 11.Bf4 Ne8 12.Qd2 Bb7 13.e5 Nc6 14.exd6 e5 15.Be3 f5
16.f3 f4 17.Bf2 Nd4 18.Nxd4 exd4 19.Bxd4 Qxd6 20.Rad1 Rd8 21.Nd5 b5 22.Bb6 Rd7
23.b4 Rff7 24.Bc5 Qb8 25.Qc2 Bxd5 26.Rxd5 Rxd5 27.cxd5 Nf6 28.d6 Nd5 29.Rd1 Ne3
30.Bxe3 fxe3 31.Qb3 Qb6 32.a4 Bf6 33.a5 Qd8 34.Qxe3 Kg7 35.f4 Rf8 36.Bf3 Re8
37.Qc5 Re6 38.Qc7+ Kh6 39.Qxd8 Bxd8 40.Bb7 Rf6 41.g3 g5 42.fxg5+ Kxg5 43.Bxa6 Rf5
44.Kg2 Re5 45.Rd2 Re4 46.Rd5+ Kf6 47.Rxb5 Re2+ 48.Kf3 Rb2 49.Rb8 Bxa5 50.d7 Ke7
51.Re8+  1-0

[Event "NLD-ch sf"]
[Site "Enschede"]
[Date "1991.??.??"]
[Round "8"]
[White "Timmerman, Gert J"]
[Black "Bosboom, Manuel"]
[Result "0-1"]
[WhiteElo "2345"]
[BlackElo "2480"]

1.e4 c5 2.Nf3 e6 3.d4 cxd4 4.Nxd4 a6 5.Bd3 Nf6 6.c4 d6 7.Nc3 g6 8.O-O Nbd7
9.Nb3 Qc7 10.Bf4 Be7 11.Rc1 b6 12.Qe2 O-O 13.Rfd1 Bb7 14.Nd2 Rfe8 15.b4 Rac8
16.Nb3 Nh5 17.Be3 Qb8 18.a3 Bf8 19.Bb1 Ba8 20.f3 Bg7 21.Ba2 Be5 22.g3 Nhf6
23.Bd4 h5 24.Bxe5 Nxe5 25.Nd4 Rc7 26.f4 Ned7 27.Nf3 b5 28.Rxd6 Rxc4 29.Rxd7 Rxc3
30.Rxc3 Nxd7 31.Ng5 Nf6 32.Qe3 Rd8 33.Rc2 Qd6 34.Bb3 Ng4 35.Qa7 Qd1+ 36.Kg2 Rd2+
37.Rxd2 Qxd2+ 38.Kf1 Ne3+  0-1

[Event "Espoo op"]
[Site "Espoo"]
[Date "1991.??.??"]
[Round "2"]
[White "Ebeling, Mika"]
[Black "Langner, Ladislav"]
[Result "1-0"]
[WhiteElo "2275"]
[BlackElo "2380"]

1.e4 c5 2.Nf3 e6 3.d4 cxd4 4.Nxd4 a6 5.Bd3 Nc6 6.Nxc6 dxc6 7.O-O e5 8.Nd2 Nf6
9.Nc4 Bg4 10.Qe1 Nd7 11.f4 Be6 12.Nxe5 Nxe5 13.fxe5 Bc5+ 14.Kh1 Bd4 15.Qg3 Qc7
16.Qxg7 O-O-O 17.Qg3 Rdg8 18.Qf3 Rg4 19.Bc4 Rhg8 20.Bxe6+ fxe6 21.g3 Bxe5
22.Bf4 Bxf4 23.gxf4 Qg7 24.f5 Qe5 25.Rg1 Qxb2 26.fxe6 Qg7 27.Rgf1 Qe5 28.Rae1 Qxe6
29.Qf5 Re8 30.e5 h6 31.Rf4 Rxf4 32.Qxf4 Rg8 33.Qf3 Rg5 34.Qf8+ Kc7 35.c4 Qxc4
36.Qd6+ Kb6 37.Rb1+ Ka7 38.Rxb7+ Kxb7 39.Qd7+  1-0

[Event "FIN-chT"]
[Site "FIN"]
[Date "1991.??.??"]
[Round "?"]
[White "Ebeling, Mika"]
[Black "Kiviaho, Allan"]
[Result "1/2-1/2"]
[WhiteElo "2275"]
[BlackElo "2240"]

1.e4 c5 2.Nf3 e6 3.d4 cxd4 4.Nxd4 a6 5.Bd3 Qc7 6.O-O Nc6 7.Nxc6 bxc6 8.c4 Nf6
9.Nc3 Bb7 10.Be3 c5 11.f4 d6 12.Qf3 Be7 13.Qh3 h5 14.Kh1 g6 15.f5 gxf5 16.exf5 Rg8
17.Rg1 e5 18.Rad1 Bc6 19.Rd2 Qb7 20.b3 Kd8 21.Nd5 Bxd5 22.cxd5 Ng4 23.Re2 Nxe3
24.Qxe3 Bg5 25.Qe4 f6 26.Bc4 h4 27.g3 hxg3 28.Rxg3 Rh8 29.Reg2 Kc7 30.Kg1 Qb4
31.Qe2 Rh4 32.Rg4 Rh6 33.h4 Bxh4 34.Rg7+ Kb6 35.Rd7 Qc3 36.Rxd6+ Ka5 37.Rxa6+ Rxa6
38.Bxa6 Qc1+ 39.Qf1 Qxf1+ 40.Bxf1 Bg5 41.Bc4 Rh4 42.Kf1 Rd4 43.a3 e4 44.Rh2 e3
45.Rh7 Kb6 46.Re7 Rf4+ 47.Ke1 Rxf5 48.Re6+ Kc7 49.Rc6+ Kd7 50.Rxc5 Rf2 51.a4  1/2-1/2

[Event "Geneve op"]
[Site "Geneve"]
[Date "1991.??.??"]
[Round "2"]
[White "Jurkovic, Ante"]
[Black "Jukic, Mirko"]
[Result "0-1"]
[WhiteElo "2325"]
[BlackElo "2460"]

1.e4 c5 2.Nf3 e6 3.d4 cxd4 4.Nxd4 a6 5.Bd3 Nf6 6.O-O Qc7 7.Qe2 d6 8.Nc3 Nbd7
9.f4 Be7 10.Nf3 Nc5 11.e5 Nfd7 12.Kh1 b5 13.Ne4 Nxd3 14.cxd3 O-O 15.Bd2 dxe5
16.Rac1 Qd8 17.fxe5 Bb7 18.Qe1 Rc8 19.Qg3 Rxc1 20.Bxc1 Bxe4 21.dxe4 Kh8 22.Bg5 Bxg5
23.Nxg5 Kg8 24.Rd1 Qc7 25.Nf3 Nc5 26.Qf4 Qb7 27.Rd4 h6 28.h3 Na4 29.Qd2 Rc8
30.Kh2 Nc5 31.Qe3 Na4 32.Qd2 Qc6 33.Kg3 Kh7 34.Qf4 Qb7 35.Qd2 Qa8 36.Kh2 Rc5
37.Kg3 Rc4 38.Rd7 Qxe4 39.Rxf7 Qg6+ 40.Ng5+ Qxg5+ 41.Qxg5 hxg5 42.b3 Rc3+
43.Kh2 Nc5  0-1

[Event "Geneve op"]
[Site "Geneve"]
[Date "1991.??.??"]
[Round "8"]
[White "Gavrikov, Viktor"]
[Black "Strikovic, Aleksa"]
[Result "1-0"]
[WhiteElo "2580"]
[BlackElo "2495"]

1.e4 c5 2.Nf3 e6 3.d4 cxd4 4.Nxd4 a6 5.Bd3 Nf6 6.O-O d6 7.c4 Qc7 8.Nc3 g6
9.Be3 Bg7 10.Rc1 O-O 11.Re1 Nbd7 12.Bf1 b6 13.f3 Bb7 14.Qd2 Rfe8 15.b4 Bf8
16.Na4 Rac8 17.Nb3 Qb8 18.Bd4 Bc6 19.b5 axb5 20.cxb5 Ba8 21.Rxc8 Rxc8 22.Qf2 e5
23.Bxb6 d5 24.exd5 Nxd5 25.Ba5 Bd6 26.Kh1 h5 27.Nb2 e4 28.Rxe4 Bxh2 29.Be1 N7f6
30.Ra4 Bf4 31.Qa7 Qe5 32.Nd3 Qe8 33.Qa6 Be3 34.Bf2 Kg7 35.Bg3 Bb6 36.Be5 Qd7
37.Nf4 Bc7 38.Nc5 Qf5 39.Bxf6+ Nxf6 40.Nce6+ fxe6 41.Nxe6+ Kh6 42.Qxc8 Bxf3
43.Qf8+  1-0

[Event "BL2-N9091"]
[Site "Germany"]
[Date "1991.??.??"]
[Round "?"]
[White "Meyer, Claus Dieter"]
[Black "Pritchett, Craig William"]
[Result "1/2-1/2"]
[WhiteElo "2335"]
[BlackElo "2350"]

1.e4 c5 2.Nf3 e6 3.d4 cxd4 4.Nxd4 a6 5.Bd3 Nf6 6.c4 Nc6 7.Nxc6 dxc6 8.O-O e5
9.Qe2 Bg4 10.Qc2 Bc5 11.Nd2 O-O 12.Nb3 Nd7 13.Be2 Bxe2 14.Qxe2 Qe7 15.Rd1 Rfd8
16.Be3 Bxe3 17.Qxe3 Nf8 18.Nc5 b6 19.Nb3 Qb4 20.Qc3 Qxc3 21.bxc3 Ne6 22.Kf1 Kf8
23.f3 Ke7 24.g3 b5 25.Ke2 Rxd1 26.Rxd1 f6 27.Ke3 a5 28.cxb5 a4 29.Nc1 cxb5
30.Rd5 Rc8 31.Kd2 Nc7 32.Rc5 Kd6 33.Nd3 Rb8 34.f4 exf4 35.gxf4 Ne6 36.Rd5+ Ke7
37.h4 Rd8 38.Rxd8 Nxd8 39.Nb4 Kd6 40.Nd3 Ne6 41.h5 g6 42.hxg6 hxg6 43.Ke3 g5
44.Kf3 gxf4 45.Nxf4 Nc5 46.Ke3 a3 47.Nd3 Nxd3  1/2-1/2

[Event "BL2-SW9091"]
[Site "Germany"]
[Date "1991.??.??"]
[Round "?"]
[White "Pioch, Thomas"]
[Black "Raupp, Thomas"]
[Result "1/2-1/2"]
[WhiteElo "2230"]
[BlackElo "2340"]

1.e4 c5 2.Nf3 e6 3.d4 cxd4 4.Nxd4 a6 5.Bd3 Nf6 6.O-O Qc7 7.Qe2 d6 8.c4 g6
9.b4 Bg7 10.Bb2 O-O 11.Nd2 Nh5 12.Rab1 e5 13.Nc2 Nf4 14.Qf3 Be6 15.g3 Nxd3
16.Qxd3 Nd7 17.Ne3 Rfc8 18.Rbc1 a5 19.a3 axb4 20.axb4 Qb6 21.Qc3 Ra4 22.Qc2 Raa8
23.Qb3 Bh6 24.f4 f6 25.Kg2 Qd8 26.f5 Bf7 27.Rf2 b5 28.Nd5 bxc4 29.Rxc4 Nb6
30.Rxc8 Rxc8 31.fxg6 hxg6 32.Nxf6+ Qxf6 33.Rxf6 Bxb3 34.Nxb3 Na4 35.Rf2 Rc4
36.Na5 Rxb4 37.Ba3 Rxe4 38.Bxd6 Nc3 39.Nc6 Bg7 40.Ne7+ Kh7 41.Rf7 Nb5 42.Bb8 Nd4
43.Nd5  1/2-1/2

[Event "BL2-SW9091"]
[Site "Germany"]
[Date "1991.??.??"]
[Round "?"]
[White "Zude, Arno"]
[Black "Bosbach, Gerhard"]
[Result "1/2-1/2"]
[WhiteElo "2385"]
[BlackElo "2270"]

1.e4 c5 2.Nf3 e6 3.d4 cxd4 4.Nxd4 a6 5.Bd3 Nf6 6.O-O Qc7 7.c4 d6 8.Nc3 Nbd7
9.Be3 Be7 10.f4 b6 11.Qe2 O-O 12.Kh1 g6 13.Rae1 Bb7 14.Bd2 Rfe8 15.Nf3 Bf8
16.e5 Nh5 17.Be4 Rec8 18.Bxb7 Qxb7 19.Ne4 d5 20.cxd5 Qxd5 21.g4  1/2-1/2

[Event "BL2-SW9091"]
[Site "Germany"]
[Date "1991.??.??"]
[Round "?"]
[White "Zude, Erik"]
[Black "Raupp, Thomas"]
[Result "1-0"]
[WhiteElo "2290"]
[BlackElo "2340"]

1.e4 c5 2.Nf3 e6 3.d4 cxd4 4.Nxd4 a6 5.Bd3 Nf6 6.O-O Qc7 7.Qe2 d6 8.c4 Be7
9.b3 b6 10.Bb2 Bb7 11.Nc3 O-O 12.f4 Nc6 13.Nxc6 Bxc6 14.Kh1 Rfe8 15.Rad1 Nd7
16.Bb1 g6 17.Qd3 Rac8 18.Qd4 e5 19.fxe5 dxe5 20.Qf2 f6 21.Qe2 Nf8 22.Nd5 Bxd5
23.cxd5 b5 24.a4 bxa4 25.bxa4 Rcd8 26.Bd3 a5 27.Ba6 Rb8 28.Bb5 Qb6 29.Qf3 Kg7
30.Bxe5 fxe5 31.Qf7+ Kh6  1-0

[Event "BL2-W9091"]
[Site "Germany"]
[Date "1991.??.??"]
[Round "?"]
[White "Kupfer, Michael"]
[Black "Vetter, Herbert"]
[Result "1/2-1/2"]
[WhiteElo "2220"]
[BlackElo "2220"]

1.e4 c5 2.Nf3 e6 3.d4 cxd4 4.Nxd4 a6 5.Bd3 Nf6 6.O-O d6 7.b3 Be7 8.Bb2 O-O
9.Nd2 Qc7 10.Qe2 Nbd7 11.f4 b6 12.Rf3 Nc5 13.e5 dxe5 14.fxe5 Ng4 15.Rh3 f5
16.exf6 Nxf6 17.Bc4 Kh8 18.N4f3 b5 19.Bd3 Nxd3 20.cxd3 e5 21.Bxe5 Qa7+ 22.Bd4 Bc5
23.Rh4 Bg4 24.Qf2 Bxd4 25.Qxd4 Qxd4+ 26.Nxd4 g5 27.Rxg4 Nxg4 28.N2f3 h6 29.Ne6 Rf6
30.Nc5 Rc8 31.d4 Ne3 32.Re1 Nd5 33.a3 g4 34.Ne5 h5 35.Ne4 Rb6 36.Nc5 a5 37.Ned7 Rd6
38.Re5 Nf4 39.Re7 Rd8 40.Kf2 Ng6 41.Rf7 Kg8 42.Rf5 Rxd4 43.Rxh5 b4 44.axb4 axb4
45.Nf6+ Kg7 46.Nfe4 Re8 47.Ke3 Rd1 48.Rg5 Re1+ 49.Kd4 Kh6 50.Rf5 Re2 51.h3 g3
52.Nxg3 Rd8+ 53.Kc4 Ne5+ 54.Kxb4 Nc6+ 55.Ka3 Ra8+ 56.Na4 Rxg2 57.Rf6+ Kh7
58.Rxc6 Rxg3 59.h4 Rh3 60.Rc4 Kh6 61.Rd4 Kg6 62.Rf4 Ra7 63.Kb2 Rb7 64.Nc5 Rb5
65.Rc4 Kf5 66.Ka3 Rb8 67.Rb4 Rc8 68.Na4 Ke6 69.Nb6 Rc5 70.Ka4 Kd6 71.Rd4+ Kc6
72.Nc4 Rf5 73.Na5+ Kc5 74.Rc4+ Kb6 75.Rc6+ Ka7 76.Rc7+ Kb6 77.Rc6+ Ka7 78.Rc7+ Kb6  1/2-1/2

[Event "Groningen op"]
[Site "Groningen"]
[Date "1991.??.??"]
[Round "5"]
[White "Velicka, Petr"]
[Black "Bosboom, Manuel"]
[Result "1/2-1/2"]
[WhiteElo "2375"]
[BlackElo "2460"]

1.e4 c5 2.Nf3 e6 3.d4 cxd4 4.Nxd4 a6 5.Bd3 Nf6 6.O-O Qc7 7.c4 g6 8.Qe2 d6
9.Nc3 Bg7 10.Nf3 O-O 11.Bf4 Nbd7 12.Rfd1 Ng4 13.Rac1 Nge5 14.b3 Nxf3+ 15.Qxf3 Ne5
16.Qe2 b6 17.Bb1 Bb7 18.Qd2 Rfd8 19.h3 Bf8 20.Be3 Rac8 21.Bg5 Be7 22.Bxe7 Qxe7
23.f4 Nc6 24.Qf2 Qc7 25.Na4 b5 26.Nb6 Rb8 27.cxb5 axb5 28.Nd5 exd5 29.exd5 Qd7
30.dxc6 Bxc6 31.f5 Re8 32.Rd4 Re5 33.Rcd1 Rd8 34.Bd3 Qe7 35.Rf1 Re8 36.Rf4 Re1
37.f6 Rxf1+ 38.Bxf1 Qe5 39.Qh4 h5 40.Rf2 Re6 41.Qf4 Kh7 42.a4 bxa4 43.bxa4 g5
44.Bd3+ Kh6 45.Qf5 Qxf5 46.Rxf5 Re3 47.Bb5 Kg6 48.Rf1 Bxb5 49.axb5 Rb3 50.Rd1 Rxb5
51.Rxd6 h4 52.g4 hxg3 53.Kg2 Rb3 54.Ra6 Re3 55.Rb6 Kf5 56.Ra6 Kf4 57.Ra4+ Re4
58.Ra2 Re3 59.Ra4+ Kf5 60.Ra6 Rc3 61.Rb6 Ra3 62.Rc6 Kg6 63.Rb6 Re3 64.Ra6  1/2-1/2

[Event "Guildford"]
[Site "Guildford"]
[Date "1991.??.??"]
[Round "?"]
[White "Fogarasi, Tibor"]
[Black "Cullip, Stephen"]
[Result "1/2-1/2"]
[WhiteElo "2420"]
[BlackElo "2335"]

1.e4 c5 2.Nf3 e6 3.d4 cxd4 4.Nxd4 a6 5.Bd3 Nf6 6.O-O d6 7.c4 Be7 8.Nc3 O-O
9.Qe2 Nc6 10.Nxc6 bxc6 11.f4 e5 12.f5 Rb8 13.Be3 Nd7 14.Rad1 Bg5 15.Ba7 Rb7
16.Bf2 Qa5 17.a3 Qc7 18.b4 Rb8 19.Na4 Re8 20.Bc2 Nf6 21.Nc3 Bb7 22.Bb3 Rbd8
23.Rd3 d5 24.cxd5 cxd5 25.Nxd5 Nxd5 26.Bxd5 Bxd5 27.Rxd5 Rxd5 28.exd5 Qd6
29.Qe4 Qd7 30.Rd1 Qa4 31.Rd3 Qc2 32.g3 Be7 33.Kg2 Bd6 34.f6 gxf6 35.Qg4+ Kf8
36.Re3 Rc8 37.Qh4 Qc4 38.Qh6+ Ke8 39.Qxf6 Qxd5+ 40.Kh3 Rc2 41.Rf3 Rc6 42.Rf5 Be7
43.Qh8+ Kd7 44.Qxh7 Qd3 45.Kg2 Qe4+  1/2-1/2

[Event "Guildford"]
[Site "Guildford"]
[Date "1991.??.??"]
[Round "?"]
[White "Kosashvili, Yona"]
[Black "Cullip, Stephen"]
[Result "1-0"]
[WhiteElo "2475"]
[BlackElo "2335"]

1.e4 c5 2.Nf3 e6 3.d4 cxd4 4.Nxd4 a6 5.Bd3 Nf6 6.O-O d6 7.c4 Be7 8.Nc3 O-O
9.Be3 Nc6 10.Nxc6 bxc6 11.Qe2 e5 12.Rad1 Qc7 13.f3 Re8 14.Qf2 Nd7 15.Bb1 Nf8
16.f4 Be6 17.b3 exf4 18.Qxf4 Ng6 19.Qg3 Qa5 20.Qe1 Qc7 21.h3 Bh4 22.Qd2 Bg3
23.Ne2 Be5 24.Nd4 Bxd4 25.Bxd4 a5 26.Qc3 f6 27.c5 dxc5 28.Bxc5 Red8 29.Rc1 Nf4
30.Qe3 g5 31.Bb6 Ne2+ 32.Kf2  1-0

[Event "Gyor-J"]
[Site "Gyor"]
[Date "1991.??.??"]
[Round "?"]
[White "Moldovan, Daniel"]
[Black "Fancsy, Imre"]
[Result "1-0"]
[WhiteElo "2425"]
[BlackElo "2295"]

1.e4 c5 2.Nf3 e6 3.d4 cxd4 4.Nxd4 a6 5.Bd3 Qc7 6.Be3 Nf6 7.f4 d6 8.Nd2 g6
9.h3 Bg7 10.Qf3 O-O 11.O-O-O Nc6 12.N2b3 Nb4 13.Kb1 e5 14.fxe5 dxe5 15.Ne2 Nxd3
16.Rxd3 b6 17.Nc3 Bb7 18.Rhd1 Rac8 19.Qf2 Nxe4 20.Nxe4 Bxe4 21.Bxb6 Qb8 22.R3d2 Rc6
23.Be3 Rfc8 24.Nc5 Rb6 25.b3 Bf5 26.g4 Be6 27.Nd7 Bxd7 28.Bxb6 Be6 29.Rd8+ Bf8
30.Rxc8 Qxc8 31.Rd8 Qc6 32.Qc5  1-0

[Event "Gyor-J"]
[Site "Gyor"]
[Date "1991.??.??"]
[Round "?"]
[White "Racz, Zoltan"]
[Black "Izsak, Gyula"]
[Result "0-1"]
[WhiteElo "2245"]
[BlackElo "2285"]

1.e4 c5 2.Nf3 e6 3.d4 cxd4 4.Nxd4 a6 5.Bd3 Qc7 6.O-O Nf6 7.Qe2 d6 8.f4 Be7
9.Kh1 Nbd7 10.c4 Nc5 11.Bc2 e5 12.Nf3 O-O 13.Nc3 b6 14.f5 Bb7 15.g4 Nxg4
16.Rg1 Nf6 17.Bh6 Ne8 18.Bxg7 Nxg7 19.Qg2 Bf6 20.Qh3 Rfe8 21.Qh6 Nd7 22.Rxg7+ Bxg7
23.Rg1 Kf8 24.Rxg7 Ke7 25.Ng5 Qxc4 26.Rxf7+ Kd8 27.Qh3 Kc8 28.f6 Bc6 29.Bd3 Qb4
30.Nd5 Qc5 31.b4 Qc1+ 32.Bf1 Qxg5 33.Ne7+ Rxe7 34.fxe7 Bxe4+ 35.Rf3 Qxe7
36.Bg2 Bxf3 37.Qxf3 e4 38.Qc3+ Kb7 39.Qd4 Nf6 40.a4 Rc8  0-1

[Event "Hallsberg op"]
[Site "Hallsberg"]
[Date "1991.??.??"]
[Round "?"]
[White "Hjelm, Niclas"]
[Black "Jaracz, Pawel"]
[Result "0-1"]
[WhiteElo "2325"]
[BlackElo "2300"]

1.e4 c5 2.Nf3 e6 3.d4 cxd4 4.Nxd4 a6 5.Bd3 Nf6 6.O-O Qc7 7.Qe2 Bc5 8.Be3 d6
9.Nd2 O-O 10.c3 e5 11.Nc2 Bg4 12.f3 Be6 13.Kh1 Nbd7 14.c4 Nh5 15.g3 g6 16.Bh6 Ng7
17.Ne3 Rae8 18.g4 f6 19.Nf5 gxf5 20.exf5 Bf7 21.Qg2 Re7 22.g5 Be8 23.Ne4 Bd4
24.Rg1 Bxg1 25.Rxg1 Rff7 26.g6 hxg6 27.fxg6 Rf8 28.Qh3 Nc5 29.Nxc5 dxc5 30.Bxg7 Rxg7
31.Qe6+ Bf7 32.gxf7+ Qxf7 33.Rxg7+ Kxg7 34.Qg4+ Kh8 35.Qh4+ Kg8 36.Be4 Qd7
37.Bd5+ Kg7 38.Qg3+ Kh8  0-1

[Event "Hallsberg op"]
[Site "Hallsberg"]
[Date "1991.??.??"]
[Round "?"]
[White "Strachan, Jan"]
[Black "Jaracz, Pawel"]
[Result "0-1"]
[WhiteElo "2250"]
[BlackElo "2300"]

1.e4 c5 2.Nf3 e6 3.d4 cxd4 4.Nxd4 a6 5.Bd3 Nc6 6.Be3 Nf6 7.O-O Qc7 8.Nd2 Be7
9.Qe2 O-O 10.f4 d6 11.c3 Bd7 12.Kh1 Rfe8 13.a4 Bf8 14.Nxc6 Bxc6 15.a5 Nd7
16.b4 g6 17.c4 d5 18.Rab1 dxc4 19.Nxc4 Rac8 20.Bd4 Bb5 21.Ne3 Bxd3 22.Qxd3 Qc6
23.Ng4 Qc4 24.Qe3 h5 25.Nf6+ Nxf6 26.Bxf6 Rc6 27.Rfc1 Qa2 28.Rd1 Rc2 29.Qg3 Rec8
30.f5 Qxb1  0-1